000 00916nam a2200229Ia 4500
999 _c4272
_d4272
003 OSt
005 20200407171529.0
008 191128s2005 ck abo gr 000 0dspa d
020 _a9583374016
040 _aCO-JMCR
_cCO-JMCR
041 0 _aspa
082 0 4 _a291.32 /
_bR196a
100 1 _aRangel Prasca, Guillermo,
_eautor
_92717
245 1 3 _aEl apocalipsis y el derrumbe del campo socialista /
_cGuillermo Rangel Prasca
260 _aArmenia :
_bGuillermo Rangel Prasca
_c2005
300 _a93 páginas :
_bilustraciones, mapa, fotografías ;
_c21 cm.
500 _aBiografía del autor en contraportada.
650 1 4 _aInterpretación del apocalipsis
_xProfecías
_ySiglo XX
_zEstados Unidos
_92718
650 2 4 _aSimbolismo de los números
_xLiteratura apocalíptica
_ySiglo XX
_zEstados Unidos
_92719
650 2 4 _aPredicciones-- Europa Occidental
_xPredicciones
_ySiglo XX
_zEstados Unidos
_92720
942 _2ddc
_cBK